University Home | Library Home | Institutional Repository

An act of violence : (Record no. 59474)

MARC details
000 -LEADER
fixed length control field 00533cam1a220018100 4500
001 - CONTROL NUMBER
control field tmp16037636
003 - CONTROL NUMBER IDENTIFIER
control field UPRA
005 - DATE AND TIME OF LATEST TRANSACTION
control field 20190815094344.0
008 - FIXED-LENGTH DATA ELEMENTS--GENERAL INFORMATION
fixed length control field 951128s1991 sa eng u
035 ## - SYSTEM CONTROL NUMBER
System control number (Sirsi) r75469
035 ## - SYSTEM CONTROL NUMBER
System control number (UPRA)tmp16037636
040 ## - CATALOGING SOURCE
Transcribing agency UPRA
100 1# - MAIN ENTRY--PERSONAL NAME
Personal name Brink, Andre P.
Linkage A35874.1
245 13 - TITLE STATEMENT
Title An act of violence :
Remainder of title thoughts on the functioning of literature /
Statement of responsibility, etc. Anere P. Brink.
260 ## - PUBLICATION, DISTRIBUTION, ETC.
Place of publication, distribution, etc. Capetown :
Name of publisher, distributor, etc. The University,
Date of publication, distribution, etc. 1991.
949 ## - LOCAL PROCESSING INFORMATION (OCLC)
a (O8)UCN.SER/165
w lcc
m MAIN
t BOOK
l ON-SHELF

No items available.

© 2026 - The University of Zambia Library - Koha v25.11